02059 a2200313 4500003000400000005001700004008004100021010001700062020002600079020001800105035002300123040000600146082001400152100003300166245020600199250003700405260005100442300003400493505078400527650002301311650002201334650003501356700002201391856008801413856007601501942003501577999001901612952011401631OSt20180116192350.0110808t xxu||||| |||| 00| 0 eng d a 2003055948 a0521781876 (hardback) a9780554389561 a(OCoLC)ocm53013331 c000a709.22aB1 aBellori, Giovanni Pietro,9214aThe lives of the painters, sculptors and architects /cGiovan Pietro Bellori ; translated by Alice Sedgwick Wohl ; notes by Hellmut Wohl ; introduction by Tomaso Montanari.nIn Eight VolumespSADAVol.1 aNew translation and critical ed. aNew York :bCambridge University Press,c2007. axii, 243 p. :bill. ;c29 cm. aPholostratus the Younger-- The idea of the painter, the sculptor and the architect-- Painting, sculpture, architecture-- The life of Annibale Carracci-- The life of Agostino Carracci-- The life of Domenico Fontana-- The life of Federico Barocci-- The life of Michelangalo Merisi da Caravaggio-- The life of Peter Paul Rubens-- The life of Anthony van Dyck-- The life of François Du Quesnoy-- The life of Domenico Zampieri, il Domenichino-- The life of Giovanni Lanfranco-- The life of Alessandro Algardi-- The life of Nicolas Poussin-- The life of Guido Reni-- The life of Andrea Sacchi-- The life of Carlo Maratti-- Glossary-- Chronology-- Appendix 1: Biographical notes-- Appendix 2: Bellori's accuracy-- Appendix 3: Orientation in Bellori's descriptions-- Bibliography.--10aArtistszEurope9310aArtistszItaly9410aArt, Europeany17th century951 aWohl, Hellmut.96423Publisher descriptionuhttp://www.loc.gov/catdir/description/cam041/2003055948.html423Table of contentsuhttp://www.loc.gov/catdir/toc/cam041/2003055948.html aSADAcBKk709.22 BEL 20072ddc c352894d352894 00102ddc4070aSADAbSADAd2011-04-19l0o709.22 BEL 2007pSADA0000970r2011-08-05v1950.00w2011-08-05yBK